Kluby piłkarskie Irlandii - nagła śmierć - Statystyki

Ogólne statystyki
  • Ten quiz został rozwiązany 39 razy
  • Średni wynik to 5 z 12
Answers on the Grid
Answers color-coded by a green-red scale on the quiz's grid according to % correct below.
Fleetwood Town
Cork City FC
Dundalk FC
Queen of the South FC
Derry City
Sligo Rovers
Bohemian FC
Dundela FC
Galway United FC
Falkirk FC
Finn Harps
Drogheda United FC
Burton Albion
Shelbourne FC
Shamrock Rovers
Macclesfield FC
Watford FC
Waterford FC
St. Patrick's Athletic
Treaty United
 
Statystyki odpowiedzi
Odpowiedź % Poprawnych
Shamrock Rovers
64%
Bohemian FC
61%
Cork City FC
61%
Drogheda United FC
48%
Dundalk FC
48%
Shelbourne FC
48%
St. Patrick's Athletic
48%
Galway United FC
39%
Sligo Rovers
39%
Waterford FC
27%
Finn Harps
12%
Treaty United
9%
Nie znaleziono quizów pasujących do podanych kryteriów
Rozkład punktacji
Procent ludzi z każdym wynikiem
Percentyl według liczby udzielonych odpowiedzi
Twoja historia wyników
Nie rozwiązałeś tego quizu